|
|
|
|
| LEADER |
02071nam a2200553 i 4500 |
| 001 |
nkc20223455766 |
| 003 |
CZ PrNK |
| 005 |
20230112083236.0 |
| 007 |
ta |
| 008 |
220921s2022 xr ach e 000 0bcze |
| 015 |
|
|
|a cnb003455766
|
| 020 |
|
|
|a 978-80-907449-4-3
|q (vázáno)
|z 978-809074494-3
|
| 035 |
|
|
|a (OCoLC)1369539489
|
| 040 |
|
|
|a BOA001
|b cze
|d OLA001
|e rda
|
| 043 |
|
|
|a e-xr---
|
| 045 |
|
|
|a w7x2
|
| 072 |
|
7 |
|a 616
|x Patologie. Klinická medicína
|2 Konspekt
|9 14
|
| 072 |
|
7 |
|a 929
|x Biografie
|2 Konspekt
|9 8
|
| 080 |
|
|
|a 616-007.8
|2 MRF
|
| 080 |
|
|
|a 611.012
|2 MRF
|
| 080 |
|
|
|a 929
|2 MRF
|
| 080 |
|
|
|a (437.3)
|2 MRF
|
| 080 |
|
|
|a (092)
|2 MRF
|
| 100 |
1 |
|
|a Herza, Filip,
|d 1986-
|7 xx0247703
|4 aut
|
| 245 |
1 |
0 |
|a Navždy spolu :
|b životní osudy siamských dvojčat sester Blažkových /
|c Filip Herza, Petra Kratochvílová, Vítězslav Kuželka, Vladimír Šindelář
|
| 250 |
|
|
|a Vydání: I.
|
| 264 |
|
1 |
|a Milevsko :
|b Milevské muzeum,
|c 2022
|
| 300 |
|
|
|a 203 stran :
|b ilustrace (některé barevné), portréty, faksimile ;
|c 22 cm
|
| 336 |
|
|
|a text
|b txt
|2 rdacontent
|
| 337 |
|
|
|a bez média
|b n
|2 rdamedia
|
| 338 |
|
|
|a svazek
|b nc
|2 rdacarrier
|
| 500 |
|
|
|a 500 výtisků
|
| 504 |
|
|
|a Obsahuje bibliografické odkazy
|
| 600 |
1 |
7 |
|a Blažková, Rosalie,
|d 1878-1922
|7 jn20000728054
|2 czenas
|
| 600 |
1 |
7 |
|a Blažková, Josefa,
|d 1878-1922
|7 jn20000728053
|2 czenas
|
| 648 |
|
4 |
|a 1878-1922
|
| 648 |
|
7 |
|a 19.-20. století
|7 ch757015
|2 czenas
|
| 650 |
0 |
7 |
|a siamská dvojčata
|7 ph125521
|z Česko
|y 19.-20. století
|2 czenas
|
| 650 |
0 |
9 |
|a siam twins
|z Czechia
|y 19th-20th centuries
|2 eczenas
|
| 655 |
|
7 |
|a biografie
|7 fd131909
|2 czenas
|
| 655 |
|
9 |
|a biography
|2 eczenas
|
| 700 |
1 |
|
|a Kratochvílová, Petra
|7 mzk20221172143
|4 aut
|
| 700 |
1 |
|
|a Kuželka, Vítězslav,
|d 1951-
|7 xx0072006
|4 aut
|
| 700 |
1 |
|
|a Šindelář, Vladimír,
|d 1959-
|7 jn20011018818
|4 aut
|
| 910 |
2 |
|
|a BOA001
|b 2-1499.687
|
| 990 |
|
|
|a BK
|
| 995 |
|
|
|a 01
|
| 991 |
|
|
|b 202301
|c NOV
|
| 996 |
6 |
|
|b 2610924759
|c 2-1499.687
|l MZK
|r Sklad / do 1 hodiny
|n 0
|p p.v.
|w 001908526
|u 000010
|a 1
|e BOA001
|j MZK50
|s P
|